Public health informatics : January 1980 through December 1995 : 471 selected citations /

Bibliographic Details
Corporate Author: National Library of Medicine (U.S.). Reference Section
Other Authors: Selden, Catherine
Format: Government Document Microform Book
Language:English
Published: Bethesda, Md. (8600 Rockville Pike, Bethesda 20894) : U.S. Dept. of Health and Human Services, Public Health Service, National Institutes of Health, National Library of Medicine, Reference Section, 1996.
Series:Current bibliographies in medicine ; 96-4.
Subjects:
Online Access:https://purl.fdlp.gov/GPO/LPS29823

MARC

Tag First Indicator Second Indicator Subfields
LEADER 00000cam a2200000Ia 4500
001 in00000001702
007 he bmb024bbca
008 981117s1996 mdu bb f000 0 eng d
005 20230310162302.6
035 |a (OCoLC)ocm40333470 
035 |9 AJC4879AM 
035 |a in00000001702 
037 |a 817-012-00004-3  |b GPO  |f paper copy 
040 |a GPO  |c GPO  |d OCL  |d GPO  |d MvI  |d UtOrBLW 
049 |a UMIC 
049 |a WWW 
074 |a 0508-H-01 (MF) 
074 |a 0508-H-01 (online) 
086 0 |a HE 20.3615/2:96-4 
245 0 0 |a Public health informatics :  |b January 1980 through December 1995 : 471 selected citations /  |c prepared by Catherine Selden [and others]. 
264 1 |a Bethesda, Md. (8600 Rockville Pike, Bethesda 20894) :  |b U.S. Dept. of Health and Human Services, Public Health Service, National Institutes of Health, National Library of Medicine, Reference Section,  |c 1996. 
300 |a ix, 21 pages 
336 |a text  |b txt  |2 rdacontent 
337 |a microform  |b h  |2 rdamedia 
338 |a microfiche  |b he  |2 rdacarrier 
490 1 |a Current bibliographies in medicine ;  |v 96-4 
500 |a Shipping list number: 99-0003-M. 
500 |a Paper version no longer available for sale by the Supt. of Docs. 
500 |a Updated by 2001 version (2001-3) 
530 |a Also available via Internet from the NLM web site. Address as of 04/21/03: http://www.nlm.nih.gov/pubs/cbm/phinform.html; current access available via PURL. 
533 |a Microfiche.  |b [Washington, D.C.] :  |c Supt. of Docs., U.S. G.P.O.,  |d [1998]  |e 1 microfiche : negative. 
500 |a Microform. 
650 0 |a Medical informatics  |v Bibliography. 
650 0 |a Public health  |v Bibliography. 
700 1 |a Selden, Catherine. 
710 2 |a National Library of Medicine (U.S.).  |b Reference Section. 
830 0 |a Current bibliographies in medicine ;  |v 96-4. 
856 4 1 |u https://purl.fdlp.gov/GPO/LPS29823  |t 0 
999 |a MARS 
999 f f |i b3c77bd8-8566-38a6-a74a-8c34de0d3a48  |s 96ca7206-4343-3d8a-a781-566d251c322f  |t 0 
952 f f |p normal  |a Texas A&M University  |b College Station  |c Sterling C. Evans Library  |d Evans: US Documents Microfiche (3rd floor)  |t 0  |e HE 20.3615/2:96-4  |h Superintendent of Documents classification  |i microform -- microfiche  |m A14824382471 
952 f f |a Texas A&M University  |b College Station  |c Electronic Resources  |d Available Online  |t 0  |e HE 20.3615/2:96-4  |h Superintendent of Documents classification 
998 f f |a HE 20.3615/2:96-4  |t 0  |l Available Online 
998 f f |a HE 20.3615/2:96-4  |t 0  |l Evans: US Documents Microfiche (3rd floor)